[Event "TCh-CHN 2019"]
[Site "China CHN"]
[Date "2019.11.21"]
[Round "16.5"]
[Board "5"]
[White "Wang, Yu A."]
[Black "Munguntuul, Batkhuyag"]
[Result "1-0"]
[WhiteTitle "IM"]
[BlackTitle "IM"]
[WhiteElo "2293"]
[BlackElo "2430"]
[WhiteTeam "Beijing team"]
[BlackTeam "Zhihui Sports chess team of Tianjin"]
[WhiteFideId "8601097"]
[BlackFideId "4900758"]
[EventDate "2019.04.09"]

1. e4 c5 2. Nf3 e6 3. d4 cxd4 4. Nxd4 Nc6 5. Nc3 Qc7 6. Nxc6 bxc6 7. Bd3 Nf6 8.
O-O Be7 9. Qe2 d5 10. Bd2 O-O 11. Rae1 Bb7 12. f4 a5 13. Kh1 Nd7 14. Na4 Rfe8
15. c4 d4 16. e5 c5 17. f5 exf5 18. e6 fxe6 19. Qxe6+ Kh8 20. Qxf5 Nf6 21. Bg5
Qc6 22. Qh3 h6 23. Bxh6 Qxg2+ 24. Qxg2 Bxg2+ 25. Kxg2 gxh6 26. Rxe7 Rxe7 27.
Rxf6 Rg8+ 28. Kf2 Rg5 29. Rxh6+ Kg7 30. Rh7+ Kf6 31. Rxe7 Kxe7 32. h4 Re5 33.
Nb6 Kd6 34. Nd5 Re8 35. h5 Rh8 36. Bg6 Ke5 37. b3 Rg8 38. Ke2 Rh8 39. Kd3 Rg8
40. Ne7 Ra8 41. h6 a4 42. h7 axb3 43. axb3 Kf6 44. Be4 Rh8 45. Nd5+ Ke5 46. b4
cxb4 47. Nxb4 Kf6 48. Kxd4 1-0

[Event "TCh-CHN 2019"]
[Site "China CHN"]
[Date "2019.11.21"]
[Round "16.6"]
[Board "1"]
[White "Ni, Hua"]
[Black "Xiang, Zeyu"]
[Result "1/2-1/2"]
[WhiteTitle "GM"]
[BlackTitle "IM"]
[WhiteElo "2669"]
[BlackElo "2446"]
[WhiteTeam "China Mobil Shanghai Chess Club"]
[BlackTeam "Hangzhou Hongda team"]
[WhiteFideId "8601160"]
[BlackFideId "8608547"]
[EventDate "2019.04.09"]

1. d4 d5 2. c4 e6 3. Nf3 Nf6 4. g3 Bb4+ 5. Bd2 Be7 6. Bg2 O-O 7. O-O c6 8. Qc2
b6 9. Bf4 Nbd7 10. Rd1 Ba6 11. cxd5 cxd5 12. Ne5 Rc8 13. Nc6 Bb5 14. Nxe7+ Qxe7
15. Nc3 a5 16. Qd2 Ba6 17. Bf3 Rc6 18. g4 h6 19. h4 Ne8 20. g5 hxg5 21. hxg5 Nd6
22. Kg2 Nc4 23. Qc2 Rfc8 24. g6 Nf8 25. gxf7+ Qxf7 26. Bg3 Nxb2 27. Qxb2 Rxc3
28. Qxb6 Rxf3 29. Qxa6 Rfc3 30. Rd3 Qf5 31. Rxc3 Rxc3 32. e3 Qe4+ 33. Kg1 Qf3
34. Re1 Ra3 35. Qe2 Qf5 36. Rc1 Ng6 37. Rc8+ Kh7 38. Rc7 Kh6 39. Qc2 Qxc2 40.
Rxc2 Kg5 41. Bd6 Rd3 42. Rc7 Rd1+ 43. Kg2 Nh4+ 44. Kh3 Nf5 45. Bf4+ Kg6 46. Rc6
Kf7 47. Rc7+ Kg6 48. Rc6 Kf7 49. Rc2 Ra1 50. Kg4 Rg1+ 51. Kf3 g5 52. Be5 g4+ 53.
Kf4 g3 54. fxg3 Nxg3 55. Rc7+ Ke8 56. Bf6 Nh5+ 57. Ke5 Nxf6 58. Kxf6 Re1 59.
Kxe6 Rxe3+ 60. Kxd5 Ra3 61. Ke6 Kd8 62. Rc2 Rh3 63. Kd6 Rh6+ 64. Kc5 Rh3 65. Rg2
Rc3+ 66. Kd6 Kc8 67. d5 Ra3 68. Rh2 Ra4 69. Rc2+ Kd8 70. Kc6 Ra3 71. Rg2 Rc3+
72. Kd6 Kc8 73. Rg8+ Kb7 74. Kd7 Rc2 75. Rg1 Rxa2 76. Rb1+ Ka6 77. d6 a4 78. Kd8
Rd2 1/2-1/2

[Event "TCh-CHN 2019"]
[Site "China CHN"]
[Date "2019.11.21"]
[Round "16.6"]
[Board "2"]
[White "Xu, Yi"]
[Black "Zou, Chen"]
[Result "1-0"]
[WhiteTitle "GM"]
[BlackTitle "FM"]
[WhiteElo "2542"]
[BlackElo "2459"]
[WhiteTeam "China Mobil Shanghai Chess Club"]
[BlackTeam "Hangzhou Hongda team"]
[WhiteFideId "8605564"]
[BlackFideId "8610959"]
[EventDate "2019.04.09"]

1. e4 e5 2. Nf3 Nc6 3. Bc4 Bc5 4. O-O Nf6 5. d3 d6 6. c3 h6 7. Nbd2 O-O 8. h3
Bb6 9. a4 a6 10. Re1 Ne7 11. d4 Nc6 12. d5 Ne7 13. a5 Ba7 14. Bf1 Ng6 15. b4 Nf4
16. Nc4 Nh7 17. Bxf4 exf4 18. e5 dxe5 19. Ncxe5 Qf6 20. c4 Bf5 21. c5 Rad8 22.
Bc4 Rfe8 23. d6 Be6 24. Bxe6 fxe6 25. d7 Re7 26. c6 bxc6 27. Qe2 1-0

[Event "TCh-CHN 2019"]
[Site "China CHN"]
[Date "2019.11.21"]
[Round "16.6"]
[Board "4"]
[White "Zhou, Zirun"]
[Black "Ju, Wenjun"]
[Result "1/2-1/2"]
[BlackTitle "GM"]
[WhiteElo "2124"]
[BlackElo "2580"]
[WhiteTeam "Hangzhou Hongda team"]
[BlackTeam "China Mobil Shanghai Chess Club"]
[WhiteFideId "8610975"]
[BlackFideId "8603006"]
[EventDate "2019.04.09"]

1. d4 Nf6 2. c4 e6 3. Nc3 Bb4 4. e3 O-O 5. Bd3 c5 6. Nf3 b6 7. O-O d5 8. cxd5
exd5 9. Ne5 Bb7 10. Qc2 c4 11. Bf5 g6 12. Bh3 Bxc3 13. bxc3 Ne4 14. g3 f6 15.
Nf3 Nd7 16. Nd2 f5 17. f3 Nxd2 18. Bxd2 Nf6 19. a4 Bc6 20. Qa2 a5 21. Bg2 Rc8
22. Rfb1 Rf7 23. Rb2 Kg7 24. Rab1 Rb7 25. Be1 h5 26. Bf2 Rcb8 27. e4 dxe4 28.
Qxc4 Qd5 29. Qxd5 Bxd5 30. fxe4 Nxe4 31. Bxe4 fxe4 32. Be3 Rc8 33. Bd2 e3 34.
Bxe3 Rxc3 35. Bd2 Rc4 36. Rxb6 Rxb6 37. Rxb6 Rxa4 38. Rb5 Ra2 39. Rxa5 Rxa5 40.
Bxa5 1/2-1/2

[Event "TCh-CHN 2019"]
[Site "China CHN"]
[Date "2019.11.22"]
[Round "17.1"]
[Board "2"]
[White "Ni, Hua"]
[Black "Zhao, Jun"]
[Result "1/2-1/2"]
[WhiteTitle "GM"]
[BlackTitle "GM"]
[WhiteElo "2669"]
[BlackElo "2639"]
[WhiteTeam "China Mobil Shanghai Chess Club"]
[BlackTeam "Shandong Jingzhi team"]
[WhiteFideId "8601160"]
[BlackFideId "8602522"]
[EventDate "2019.04.09"]

1. d4 d5 2. c4 e6 3. Nf3 Nf6 4. g3 Bb4+ 5. Bd2 Be7 6. Bg2 O-O 7. O-O c6 8. Qc2
b6 9. Bf4 Bb7 10. Rd1 Nbd7 11. Ne5 Nh5 12. Bd2 Nhf6 13. cxd5 cxd5 14. Nc6 Bxc6
15. Qxc6 Qc8 16. Qb5 Ne8 17. Qd3 Ndf6 18. Nc3 Nd6 19. b3 Qd7 20. Be1 Nfe8 21. f3
Nc7 22. e4 Ndb5 23. Nxb5 Nxb5 24. Bf2 Ba3 25. Bf1 a6 26. e5 Rfc8 27. Qd2 Qc6 28.
Bd3 Qc3 29. Qxc3 Rxc3 30. Kf1 Rac8 31. Be1 R3c7 32. Rab1 Ra8 33. Bxb5 axb5 34.
b4 Rc2 35. Rd2 Rc4 36. Rd3 Bc1 37. a3 1/2-1/2

[Event "TCh-CHN 2019"]
[Site "China CHN"]
[Date "2019.11.22"]
[Round "17.2"]
[Board "1"]
[White "Zou, Chen"]
[Black "Wang, Yue"]
[Result "1/2-1/2"]
[WhiteTitle "FM"]
[BlackTitle "GM"]
[WhiteElo "2459"]
[BlackElo "2674"]
[WhiteTeam "Hangzhou Hongda team"]
[BlackTeam "Zhihui Sports chess team of Tianjin"]
[WhiteFideId "8610959"]
[BlackFideId "8601429"]
[EventDate "2019.04.09"]

1. e4 e5 2. Nf3 Nc6 3. Bb5 Nf6 4. d3 Bc5 5. c3 O-O 6. O-O d6 7. Nbd2 a6 8. Ba4
Ba7 9. h3 b5 10. Bc2 d5 11. exd5 Nxd5 12. Re1 Re8 13. d4 exd4 14. Rxe8+ Qxe8 15.
cxd4 h6 16. Nb3 Be6 17. Bd2 Ndb4 18. Bxb4 Nxb4 19. a3 Nxc2 20. Qxc2 Bd5 21. Re1
Qf8 22. Re3 Bxb3 23. Rxb3 Qd6 24. Rc3 Bb6 25. Qe4 Rd8 26. Qb7 a5 27. g3 Qe6 28.
Kg2 Qe2 29. b3 Re8 30. Qd5 Qb2 31. Qd7 Re6 1/2-1/2

[Event "TCh-CHN 2019"]
[Site "China CHN"]
[Date "2019.11.22"]
[Round "17.2"]
[Board "2"]
[White "Xiang, Zeyu"]
[Black "Malakhov, Vladimir"]
[Result "0-1"]
[WhiteTitle "IM"]
[BlackTitle "GM"]
[WhiteElo "2446"]
[BlackElo "2668"]
[WhiteTeam "Hangzhou Hongda team"]
[BlackTeam "Zhihui Sports chess team of Tianjin"]
[WhiteFideId "8608547"]
[BlackFideId "4120787"]
[EventDate "2019.04.09"]

1. d4 d5 2. c4 c6 3. cxd5 cxd5 4. Bf4 Nc6 5. e3 Nf6 6. Nc3 Bg4 7. Qb3 Na5 8.
Qa4+ Bd7 9. Qc2 e6 10. Bd3 Nh5 11. Be5 Nc6 12. Be2 Nf6 13. Nf3 Rc8 14. O-O Ne4
15. h3 Nxe5 16. Nxe5 Bd6 17. Nxd7 Qxd7 18. Rfc1 O-O 19. Qa4 Qxa4 20. Nxa4 f5 21.
Nc3 a6 22. Nxe4 fxe4 23. f3 Bg3 24. Rxc8 Rxc8 25. fxe4 dxe4 26. Rf1 g6 27. Bd1
Kg7 28. Bb3 b5 29. Rb1 Rf8 30. Bxe6 Bf2+ 31. Kh2 Bxe3 32. Bd5 Bxd4 33. Bxe4 Rf2
34. Kg3 Rd2 35. Bb7 a5 36. Kf3 b4 37. Bd5 h5 38. g4 Bf6 39. Be4 hxg4+ 40. hxg4
Bxb2 41. Re1 Bf6 42. Re2 Rd1 43. Bc2 Rf1+ 44. Rf2 Rc1 45. Rd2 g5 46. Rd7+ Kf8
47. Bb3 Rf1+ 48. Kg2 Rf4 49. Bd1 a4 50. Bxa4 Rxg4+ 51. Kf3 Rf4+ 52. Kg2 Be7 53.
Bb3 Ke8 54. Rc7 Rd4 55. Be6 Re4 56. Bb3 Re3 57. Rc8+ Kd7 58. Rg8 Bf6 59. Rf8 Be5
60. Rg8 Bf4 61. Rg6 Kc7 62. Kf2 Rc3 63. Kg2 Rc5 64. Kf3 Bd6 65. Kg4 Be7 66. Re6
Kd7 67. Rg6 Re5 68. Ba4+ Kc7 69. Bb3 Re4+ 70. Kf3 Rf4+ 71. Kg3 Bf6 72. Rg8 Kd6
73. Rc8 Be5 74. Kg2 Rh4 75. Rc4 g4 76. Kg1 Bh2+ 77. Kg2 Ke5 78. Bc2 Kf6 79. Rxb4
Bd6 80. Rc4 Rh2+ 81. Kg1 g3 82. Be4 Re2 83. Kf1 Rf2+ 84. Kg1 Bf4 85. Rc2 Bd2 86.
Rb2 Ke5 87. Bg2 Re2 88. Rb5+ Kf4 89. Bb7 Be3+ 90. Kf1 Rf2+ 91. Ke1 g2 92. Rb4+
Kg3 0-1

[Event "TCh-CHN 2019"]
[Site "China CHN"]
[Date "2019.11.22"]
[Round "17.3"]
[Board "2"]
[White "Yu, Yangyi"]
[Black "Bai, Jinshi"]
[Result "1-0"]
[WhiteTitle "GM"]
[BlackTitle "GM"]
[WhiteElo "2738"]
[BlackElo "2600"]
[WhiteTeam "Beijing team"]
[BlackTeam "Hangzhou Bank Team"]
[WhiteFideId "8603820"]
[BlackFideId "8602280"]
[EventDate "2019.04.09"]

1. e4 e5 2. Nf3 Nf6 3. Nxe5 d6 4. Nf3 Nxe4 5. d4 d5 6. Bd3 Be7 7. O-O O-O 8. Re1
Bf5 9. Nbd2 Nd6 10. Nf1 c6 11. Bf4 Bxd3 12. Qxd3 Na6 13. Ne3 Nc7 14. Re2 Ne6 15.
Bxd6 Bxd6 16. g3 Qd7 17. Rae1 Rfe8 18. h4 Nc7 19. b3 f6 20. c4 Bb4 21. Ra1 Bf8
22. Rae1 Bb4 23. Rb1 a5 24. Kg2 Rad8 25. h5 b6 26. Rh1 Re6 27. Nc2 Rxe2 28. Qxe2
Qe6 29. Ne3 c5 30. Rd1 dxc4 31. dxc5 Rxd1 32. Qxd1 Bxc5 33. Qd8+ Ne8 34. Nxc4 g5
35. hxg6 hxg6 36. Nb2 g5 37. Nd3 Qe4 38. Kg1 Bd6 39. Nd2 Qxd3 40. Qxe8+ Kg7 41.
Ne4 Bc5 42. Qe6 Qd4 43. a4 Qb2 44. Kg2 Bd4 45. Kf3 Bc5 46. Kg4 Bxf2 47. Kh5 Qe2+
48. g4 Bc5 49. Qxf6+ Kg8 50. Qe6+ Kg7 51. Qe5+ Kf8 52. Nxc5 1-0

[Event "TCh-CHN 2019"]
[Site "China CHN"]
[Date "2019.11.22"]
[Round "17.3"]
[Board "3"]
[White "Li, Chao b"]
[Black "Ma, Qun"]
[Result "1-0"]
[WhiteTitle "GM"]
[BlackTitle "GM"]
[WhiteElo "2690"]
[BlackElo "2627"]
[WhiteTeam "Beijing team"]
[BlackTeam "Hangzhou Bank Team"]
[WhiteFideId "8604436"]
[BlackFideId "8603154"]
[EventDate "2019.04.09"]

1. d4 d5 2. c4 e6 3. Nc3 Nf6 4. Bg5 Be7 5. e3 h6 6. Bh4 O-O 7. Rc1 b6 8. cxd5
Nxd5 9. Nxd5 exd5 10. Bxe7 Qxe7 11. Ne2 Rd8 12. Nf4 c5 13. Be2 Bb7 14. O-O c4
15. Bf3 Rd6 16. Qa4 Bc6 17. Qa3 Kf8 18. Rfe1 f5 19. b3 b5 20. bxc4 bxc4 21. Qa5
Qd7 22. Rb1 Kf7 23. Rb2 g5 24. Nh5 Qd8 25. Qa3 Qe7 26. Ng3 Rf6 27. Qa5 Qd6 28.
Nh5 Re6 29. g4 Nd7 30. Ng3 fxg4 31. Bxg4 Rf6 32. e4 dxe4 33. Nxe4 Bxe4 34. Rxe4
Kg8 35. Rbe2 Kh8 36. Qc3 Raf8 37. Qxc4 Nb6 38. Qc5 Nd5 39. Re8 Rxe8 40. Rxe8+
Kg7 41. Qxa7+ Rf7 42. Qb8 Qxb8 43. Rxb8 Rf4 44. h3 Nf6 45. Rb7+ Kg6 46. Bd1 Rxd4
47. Bc2+ Kh5 48. a4 Rc4 49. Bb3 Rc1+ 50. Kg2 g4 51. hxg4+ Kxg4 52. a5 Kf5 53.
Rb5+ Kg6 54. Rb4 Rc7 55. a6 Ra7 56. Bc2+ Kg5 57. Rb5+ Kg4 58. Bd3 h5 59. Be2+
Kf4 60. Rb7 Ra8 61. a7 h4 62. Rf7 Ke5 63. Bf3 1-0

[Event "TCh-CHN 2019"]
[Site "China CHN"]
[Date "2019.11.22"]
[Round "17.4"]
[Board "2"]
[White "Lu, Shanglei"]
[Black "Zhou, Weiqi"]
[Result "1/2-1/2"]
[WhiteTitle "GM"]
[BlackTitle "GM"]
[WhiteElo "2612"]
[BlackElo "2592"]
[WhiteTeam "Zhejiang team"]
[BlackTeam "Chongqing Sports lottery chess team"]
[WhiteFideId "8603332"]
[BlackFideId "8601674"]
[EventDate "2019.04.09"]

1. e4 c5 2. Nf3 Nc6 3. d4 cxd4 4. Nxd4 Nf6 5. Nc3 d6 6. Bg5 Bd7 7. Qd2 Rc8 8. f4
Nxd4 9. Qxd4 Qa5 10. e5 dxe5 11. fxe5 e6 12. O-O-O Bc6 13. Nb5 Bxb5 14. exf6 Bc6
15. h4 g6 16. Bc4 Bc5 17. Qg4 h5 18. Qe2 O-O 19. Rhf1 Bb4 20. Bh6 Rfd8 21. a3
Rxd1+ 22. Rxd1 Bxa3 23. bxa3 Qxa3+ 24. Kb1 Qb4+ 25. Ka2 Be4 26. Qxe4 Rxc4 27.
Rd8+ Kh7 28. Bg7 Qa5+ 29. Kb1 Qb4+ 30. Kc1 Qa3+ 31. Kd2 Qc3+ 32. Kc1 Qa1+ 33.
Kd2 Qc3+ 1/2-1/2

[Event "TCh-CHN 2019"]
[Site "China CHN"]
[Date "2019.11.22"]
[Round "17.5"]
[Board "2"]
[White "Xu, Xiangyu"]
[Black "Peng, Xiongjian"]
[Result "1/2-1/2"]
[WhiteTitle "GM"]
[WhiteElo "2582"]
[BlackElo "2489"]
[WhiteTeam "Chengdu Beilei Youth Chess Club"]
[BlackTeam "Chongqing Jiulongpo Yucai Chess team"]
[WhiteFideId "8608288"]
[BlackFideId "8610550"]
[EventDate "2019.04.09"]

1. e4 e5 2. Nf3 Nc6 3. d4 exd4 4. Nxd4 Nf6 5. Nxc6 bxc6 6. e5 Qe7 7. Qe2 Nd5 8.
Nd2 d6 9. exd6 cxd6 10. Nf3 Bg4 11. Qxe7+ Bxe7 12. Be2 Nb4 13. Kd1 O-O 14. c3
Nd5 15. h3 Bd7 16. Re1 Rfe8 17. Bd2 Bd8 18. Bc4 Rxe1+ 19. Kxe1 Rb8 20. b3 Nf6
21. Bd3 Bb6 22. Kf1 h6 23. Rd1 Be6 24. Nd4 Bxd4 25. cxd4 Kf8 26. Rc1 Bd5 27. f3
Ke7 28. Kf2 Kd7 29. g4 Be6 30. h4 Nd5 31. Kg3 Rf8 32. Re1 f5 33. Bc4 Nc7 34. Bd3
Nd5 35. Bc4 Nc7 36. Bd3 Nd5 37. Bc4 1/2-1/2

[Event "TCh-CHN 2019"]
[Site "China CHN"]
[Date "2019.11.22"]
[Round "17.6"]
[Board "1"]
[White "Chen, Qi b"]
[Black "Riazantsev, Alexander"]
[Result "1/2-1/2"]
[WhiteTitle "IM"]
[BlackTitle "GM"]
[WhiteElo "2445"]
[BlackElo "2639"]
[WhiteTeam "Jiangsu team"]
[BlackTeam "Guangdong Shenzhen Longgang Chess team"]
[WhiteFideId "8614733"]
[BlackFideId "4125029"]
[EventDate "2019.04.09"]

1. e4 c6 2. d4 d5 3. exd5 cxd5 4. Bd3 Nc6 5. c3 Nf6 6. h3 g6 7. Nf3 Qc7 8. Qc2
Nh5 9. O-O Bg7 10. Be3 Nf4 11. Bb5 a6 12. Bxc6+ bxc6 13. Qd2 Ne6 14. Re1 f6 15.
c4 Kf7 16. Nc3 Rd8 17. cxd5 cxd5 18. Rac1 Qa5 19. Bh6 Bh8 20. Re2 Ra7 21. Rce1
Rc7 22. h4 Qb6 23. Na4 Qc6 24. b3 Re8 25. Qa5 Qb5 26. Qxb5 axb5 27. Nb6 Rc6 28.
Nxd5 Rd6 29. Nc3 b4 30. Nb5 Rd5 31. Rxe6 Rxb5 32. Rc6 Bb7 33. Rc7 Bxf3 34. gxf3
f5 35. Bg5 Bf6 36. Bxf6 Kxf6 37. Re5 Rxe5 38. dxe5+ Kxe5 39. Rb7 Ra8 40. Rxe7+
Kd5 41. Rb7 Kc5 42. Rc7+ Kd5 43. Rc4 Rxa2 44. Rxb4 Rb2 45. Kg2 Ke5 46. Rb7 f4
47. Rb5+ Kf6 48. Rb6+ Kf5 49. b4 Rb1 50. Rb7 Kf6 51. Rb8 Kg7 52. Rb6 h5 53. Rb7+
Kg8 54. b5 Kf8 55. Rb8+ Kg7 56. b6 Kh7 57. Kh2 Kg7 58. b7 Kh7 1/2-1/2

[Event "TCh-CHN 2019"]
[Site "China CHN"]
[Date "2019.11.22"]
[Round "17.6"]
[Board "2"]
[White "Ganguly, Surya Shekhar"]
[Black "Xu, Yinglun"]
[Result "1/2-1/2"]
[WhiteTitle "GM"]
[BlackTitle "GM"]
[WhiteElo "2633"]
[BlackElo "2555"]
[WhiteTeam "Jiangsu team"]
[BlackTeam "Guangdong Shenzhen Longgang Chess team"]
[WhiteFideId "5002150"]
[BlackFideId "8604940"]
[EventDate "2019.04.09"]

1. e4 c5 2. Nf3 d6 3. d4 cxd4 4. Nxd4 Nf6 5. Nc3 a6 6. Be3 e6 7. a3 Be7 8. Qe2
b5 9. O-O-O Bb7 10. e5 Nd5 11. Nxd5 Bxd5 12. Nf5 O-O 13. exd6 Bxd6 14. Qg4 exf5
15. Qd4 f4 16. Qxd5 fxe3 17. Qxa8 Bf4 18. Be2 exf2+ 19. Kb1 Qe7 20. Qf3 Be3 21.
h4 Re8 22. Bd3 Nd7 23. Bxh7+ Kxh7 24. Qf5+ g6 25. Qxd7 Qxd7 26. Rxd7 Kh6 27. c3
Bb6 28. Kc2 Re1 29. Rd1 Rg1 30. g4 Rxg4 31. Kd3 1/2-1/2

[Event "TCh-CHN 2019"]
[Site "China CHN"]
[Date "2019.11.23"]
[Round "18.1"]
[Board "1"]
[White "Wen, Yang"]
[Black "Ganguly, Surya Shekhar"]
[Result "1-0"]
[WhiteTitle "GM"]
[BlackTitle "GM"]
[WhiteElo "2586"]
[BlackElo "2633"]
[WhiteTeam "Shandong Jingzhi team"]
[BlackTeam "Jiangsu team"]
[WhiteFideId "8602956"]
[BlackFideId "5002150"]
[EventDate "2019.04.09"]

1. e4 e6 2. d4 d5 3. exd5 exd5 4. Nf3 Nc6 5. Nc3 Bb4 6. Bd3 Nge7 7. O-O Bg4 8.
a3 Bxc3 9. bxc3 Qd7 10. h3 Bf5 11. a4 f6 12. a5 O-O 13. a6 b6 14. Ba3 Rfe8 15.
Bb5 g5 16. c4 Rad8 17. Re1 Be6 18. c3 Ng6 19. Qa4 Bxh3 20. Bxc6 Qg4 21. Bxd5+
Rxd5 22. Qxe8+ Kg7 23. Bf8+ Nxf8 24. Re7+ 1-0

[Event "TCh-CHN 2019"]
[Site "China CHN"]
[Date "2019.11.23"]
[Round "18.1"]
[Board "5"]
[White "Guo, Qi"]
[Black "Stefanova, Antoaneta"]
[Result "1/2-1/2"]
[WhiteTitle "IM"]
[BlackTitle "GM"]
[WhiteElo "2406"]
[BlackElo "2476"]
[WhiteTeam "Jiangsu team"]
[BlackTeam "Shandong Jingzhi team"]
[WhiteFideId "8604002"]
[BlackFideId "2902257"]
[EventDate "2019.04.09"]

1. d4 d5 2. c4 c6 3. Nf3 Nf6 4. Nc3 a6 5. e3 Bf5 6. Bd3 g6 7. O-O Bg7 8. a4 a5
9. cxd5 Bxd3 10. Qxd3 Nxd5 11. Nxd5 Qxd5 12. e4 Qd7 13. Qb3 O-O 14. Rd1 Qc7 15.
Be3 Nd7 16. Rac1 Ra6 17. Qc2 Qb8 18. b3 Rc8 19. h3 Ra8 20. Qd2 Nf6 21. Qc2 Nd7
22. Qd2 Nf6 23. Qc2 Nd7 1/2-1/2

[Event "TCh-CHN 2019"]
[Site "China CHN"]
[Date "2019.11.23"]
[Round "18.2"]
[Board "1"]
[White "Riazantsev, Alexander"]
[Black "Xu, Xiangyu"]
[Result "1/2-1/2"]
[WhiteTitle "GM"]
[BlackTitle "GM"]
[WhiteElo "2639"]
[BlackElo "2582"]
[WhiteTeam "Guangdong Shenzhen Longgang Chess team"]
[BlackTeam "Chengdu Beilei Youth Chess Club"]
[WhiteFideId "4125029"]
[BlackFideId "8608288"]
[EventDate "2019.04.09"]

1. d4 Nf6 2. c4 g6 3. Nc3 d5 4. cxd5 Nxd5 5. e4 Nxc3 6. bxc3 c5 7. Bc4 Bg7 8.
Ne2 Nc6 9. Be3 O-O 10. O-O b6 11. h4 Bb7 12. h5 cxd4 13. cxd4 Rc8 14. Rc1 Na5
15. Bd3 Rxc1 16. Qxc1 Qd7 17. h6 Rc8 18. Qb2 Bf8 19. Rc1 e6 20. f3 Nc6 21. Bc4
Na5 22. Bd3 Nc6 23. Bc4 Na5 1/2-1/2

[Event "TCh-CHN 2019"]
[Site "China CHN"]
[Date "2019.11.23"]
[Round "18.2"]
[Board "3"]
[White "Xu, Yinglun"]
[Black "Li, Di"]
[Result "1/2-1/2"]
[WhiteTitle "GM"]
[BlackTitle "GM"]
[WhiteElo "2555"]
[BlackElo "2543"]
[WhiteTeam "Guangdong Shenzhen Longgang Chess team"]
[BlackTeam "Chengdu Beilei Youth Chess Club"]
[WhiteFideId "8604940"]
[BlackFideId "8607508"]
[EventDate "2019.04.09"]

1. d4 Nf6 2. c4 g6 3. Nc3 d5 4. Bg5 Bg7 5. Bxf6 Bxf6 6. cxd5 c6 7. e4 cxd5 8.
Bb5+ Bd7 9. Bxd7+ Qxd7 10. Nxd5 Bg7 11. Qf3 O-O 12. Ne2 e6 13. Nf6+ Bxf6 14.
Qxf6 Qb5 15. Qf3 Qxb2 16. O-O Nc6 17. Qe3 Rad8 18. Rfb1 Qc2 19. Rxb7 Qa4 20. d5
exd5 21. exd5 Rxd5 22. Nc3 Qd4 23. Qxd4 Rxd4 24. Rc7 Nb4 25. Rxa7 Rc8 26. Nd1
Rdc4 27. Kf1 Rc1 28. Rxc1 Rxc1 29. Ke2 Rc2+ 30. Ke3 Rxa2 31. Rxa2 Nxa2 32. h4
Nb4 33. Nc3 Nc6 34. g3 1/2-1/2

[Event "TCh-CHN 2019"]
[Site "China CHN"]
[Date "2019.11.23"]
[Round "18.3"]
[Board "1"]
[White "Nie, Xinyang"]
[Black "Zvjaginsev, Vadim"]
[Result "0-1"]
[BlackTitle "GM"]
[WhiteElo "2348"]
[BlackElo "2627"]
[WhiteTeam "Chongqing Jiulongpo Yucai Chess team"]
[BlackTeam "Zhejiang team"]
[WhiteFideId "8607222"]
[BlackFideId "4113403"]
[EventDate "2019.04.09"]

1. d4 d5 2. c4 e6 3. Nc3 Nf6 4. Bg5 Be7 5. e3 O-O 6. Rc1 h6 7. Bxf6 Bxf6 8. Nf3
a6 9. Bd3 dxc4 10. Bxc4 Nd7 11. O-O b5 12. Be2 Bb7 13. b4 e5 14. d5 Nb6 15. e4
c6 16. dxc6 Bxc6 17. Qb3 Qe7 18. Qb1 Qb7 19. Nd2 Bg5 20. Rcd1 Na4 21. Nxa4 bxa4
22. Bd3 Rfb8 23. Nc4 Qxb4 24. Qxb4 Rxb4 25. Nxe5 Bxe4 26. Bc4 Bf6 27. Rd4 Bg6
28. f4 Rab8 29. Rfd1 Rb1 30. Rd2 Bxe5 31. fxe5 a5 32. Rxb1 Rxb1+ 33. Kf2 Rb4 34.
Rd8+ Kh7 35. Rd4 Bf5 36. Ke3 Be6 37. Bxe6 fxe6 38. Rd6 Rb2 39. Ra6 Rxg2 40. h4
Rxa2 41. Rxa5 Kg6 42. Ra7 a3 43. Kf4 Ra1 44. Kg3 Kh5 45. Ra4 a2 46. Kg2 g5 47.
hxg5 Kxg5 48. Ra5 Kf5 49. Kh2 h5 50. Kg2 h4 51. Kh2 h3 52. Ra8 Kxe5 53. Ra5+ Kf6
54. Ra6 Kf5 55. Ra5+ e5 56. Ra8 e4 57. Rf8+ Kg6 58. Rf2 Rh1+ 0-1

[Event "TCh-CHN 2019"]
[Site "China CHN"]
[Date "2019.11.23"]
[Round "18.3"]
[Board "2"]
[White "Peng, Xiongjian"]
[Black "Xu, Minghui"]
[Result "1-0"]
[WhiteElo "2489"]
[BlackElo "2406"]
[WhiteTeam "Chongqing Jiulongpo Yucai Chess team"]
[BlackTeam "Zhejiang team"]
[WhiteFideId "8610550"]
[BlackFideId "8606790"]
[EventDate "2019.04.09"]

1. e4 e5 2. Nf3 Nc6 3. Bb5 a6 4. Bxc6 dxc6 5. O-O Bg4 6. h3 h5 7. d3 Qf6 8. Be3
Bxf3 9. Qxf3 Qxf3 10. gxf3 Ne7 11. Rd1 Ng6 12. Kf1 a5 13. Nd2 f6 14. a4 c5 15.
c3 b6 16. Rac1 O-O-O 17. Nb3 Bd6 18. Ke2 Ne7 19. d4 cxd4 20. cxd4 Kb7 21. dxe5
Bxe5 22. f4 Bxb2 23. Nxa5+ bxa5 24. Rxd8 Rxd8 25. Rb1 Nc8 26. Rxb2+ Nb6 27. Rb5
Ka6 28. Bd2 Rd4 29. Rxa5+ Kb7 30. Be3 Rxa4 31. Bxb6 Rxe4+ 32. Be3 1-0

[Event "TCh-CHN 2019"]
[Site "China CHN"]
[Date "2019.11.23"]
[Round "18.3"]
[Board "4"]
[White "Ding, Yixin"]
[Black "Huang, Qian"]
[Result "1/2-1/2"]
[WhiteTitle "WGM"]
[BlackTitle "WGM"]
[WhiteElo "2439"]
[BlackElo "2429"]
[WhiteTeam "Zhejiang team"]
[BlackTeam "Chongqing Jiulongpo Yucai Chess team"]
[WhiteFideId "8602972"]
[BlackFideId "8602689"]
[EventDate "2019.04.09"]

1. e4 c5 2. Nf3 d6 3. d4 cxd4 4. Qxd4 Nc6 5. Bb5 Bd7 6. Qd3 g6 7. O-O Bg7 8. c4
Nf6 9. Nc3 O-O 10. h3 a6 11. Bxc6 Bxc6 12. Nd4 Nd7 13. Be3 Rc8 14. Rac1 Nc5 15.
Qc2 Ne6 16. Qd2 Nxd4 17. Bxd4 Bxd4 18. Qxd4 Qa5 19. Rfe1 Rc7 20. e5 dxe5 21.
Rxe5 Rd7 22. Qxd7 Qxe5 23. Qd2 Qc5 24. Nd5 Bxd5 25. Qxd5 Qxd5 26. cxd5 Rd8 27.
Rc7 b5 28. Rxe7 Rxd5 29. Ra7 Rd1+ 30. Kh2 Rd2 31. Kg3 1/2-1/2